F1 Winners: South African Grand Prix - Statistics

General Stats
  • This quiz has been taken 448 times
  • The average score is 18 of 23
Answer Stats
Season Track Winning Driver % Correct
1982 Kyalami Alain Prost
98%
1993 Kyalami Alain Prost
98%
1976 Kyalami Niki Lauda
93%
1977 Kyalami Niki Lauda
93%
1984 Kyalami Niki Lauda
93%
1985 Kyalami Nigel Mansell
91%
1992 Kyalami Nigel Mansell
91%
1963 East London Jim Clark
90%
1965 East London Jim Clark
90%
1968 Kyalami Jim Clark
90%
1969 Kyalami Jackie Stewart
88%
1973 Kyalami Jackie Stewart
88%
1962 East London Graham Hill
85%
1975 Kyalami Jody Scheckter
83%
1971 Kyalami Mario Andretti
81%
1970 Kyalami Jack Brabham
78%
1972 Kyalami Denny Hulme
77%
1974 Kyalami Carlos Reutemann
62%
1978 Kyalami Ronnie Peterson
58%
1980 Kyalami René Arnoux
57%
1979 Kyalami Gilles Villeneuve
52%
1983 Kyalami Riccardo Patrese
46%
1967 Kyalami Pedro Rodriguez
27%
No matching quizzes found
Score Distribution
Percent of People with Each Score
Percentile by Number Answered
Your Score History
You have not taken this quiz